000 00811nam a22001815i 4500
001 159065
003 ES-MaACL
005 20230906211432.0
008 040908s1858 sp |||| | spa d
040 _aCAM
_bspa
_cCAM
100 1 _aMarty, Luis.
_9129595
245 1 0 _aDiccionario de la lengua castellana
_b: contiene todas las voces de nuestro idiomas, las tecnicas de ciencias, artes y oficios, las figuras, las familiares, las vulgares, las provinciales ... /
_cpor Luis Marty.
260 _aMadrid :
_b[s.n.],
_c1858 (
_fImprenta y estereotipia española de los señores Nieto y compañia)
300 _aXVI, 1464 p. ;
_c27 cm.
597 _a1 t. en 2 v. , cada vol. con port. propia.
650 4 _aLengua española-
_vDiccionarios.
_914137
852 _aES-MaACL
_jB-11120-11121
_z-- Enc. pasta española
999 _c159065
_d159065